MARC

LEADER 00000nam0a2200000 4500
001 22582
005 20231030194752.0
010 |a 5703814626 
035 |a (RuTPU)RU\TPU\book\22795 
035 |a BOOK00000559 
090 |a 22582 
100 |a 20011209d2000 m y0rusy50 ca 
101 0 |a rus 
102 |a RU 
105 |a a z 000zy 
200 1 |a Конструируем машины. Шаг за шагом  |e в 2 ч.  |h Ч. 1  |i Шаги 1...9  |f А. С. Иванов 
210 |a Москва  |c Изд-во МГТУ  |d 2000 
215 |a 328 с.  |c ил. 
610 1 |a машины 
610 1 |a теория 
610 1 |a конструирование 
610 1 |a понятия 
610 1 |a связи 
610 1 |a силы 
610 1 |a детали 
610 1 |a прочность 
610 1 |a жесткость 
610 1 |a точность 
610 1 |a износостойкость 
610 1 |a надежность 
610 1 |a дизайн 
610 1 |a качество 
675 |a 621.001.66  |v 3 
700 1 |a Иванов  |b А. С.  |g Александр Сергеевич 
801 0 |a RU  |b 63413507  |c 20011209  |g PSBO 
801 2 |a RU  |b 63413507  |c 20201204  |g PSBO 
942 |c BK